[Event "67th ch-GEO KO"]
[Site "Tbilisi GEO"]
[Date "2008.03.23"]
[Round "3.4"]
[White "Supatashvili,K"]
[Black "Mchedlishvili,M"]
[Result "1-0"]
[WhiteElo "2466"]
[BlackElo "2635"]

1.d4 Nf6 2.c4 e6 3.Nf3 b6 4.a3 Bb7 5.Nc3 d5 6.cxd5 Nxd5 7.e3 g6 8.Bb5+ c6
9.Bd3 Bg7 10.Na4 Qc7 11.O-O Nd7 12.Re1 O-O 13.e4 Nf4 14.Bf1 Rfd8 15.e5 Nd5
16.Bg5 Rdc8 17.Rc1 c5 18.b4 Bc6 19.bxc5 Bxa4 20.Qxa4 bxc5 21.Ba6 Rcb8 22.Bb5 N7b6
23.Qa6 c4 24.Bxc4 Nxc4 25.Rxc4 Qb6 26.Qa4 Qb2 27.Rc2 Qb7 28.Rec1 a6 29.Rc6 Bf8
30.Ra1 Qb5 31.Qc4 Qb2 32.Qc1 Qb7 33.h4 Rc8 34.Rxc8 Rxc8 35.Qd2 Qb3 36.h5 Rc2
37.Qe1 Qc3 38.Bd2 Qd3 39.hxg6 hxg6 40.a4 Rb2 41.Rc1 Rc2 42.Rb1 a5 43.Rb8 Kg7
44.Qd1 Qf5 45.Bxa5 Ra2 46.Bd2 Be7 47.Qc1 Rc2 48.Qb1 g5 49.Qb5 g4 50.Qe8 Qh7
51.Ng5 Kg6 52.Nxh7  1-0

[Event "Spring Open"]
[Site "Belgrade SCG"]
[Date "2008.03.26"]
[Round "2"]
[White "Jovicic,R"]
[Black "Cvetkovic,V"]
[Result "1-0"]
[WhiteElo "2288"]
[BlackElo "2041"]

1.d4 Nf6 2.Nf3 e6 3.c4 b6 4.a3 c5 5.d5 exd5 6.cxd5 d6 7.Nc3 Ba6 8.g3 Be7
9.Bg2 O-O 10.O-O Re8 11.Re1 Nbd7 12.h3 h6 13.e4 Bf8 14.Bf4 Nh5 15.Be3 Nhf6
16.Qa4 Bd3 17.Nd2 a6 18.f3 b5 19.Qd1 a5 20.a4 b4 21.Na2 Ba6 22.Qc2 Rc8 23.b3 Nb6
24.Nc4 Nxc4 25.bxc4 g6 26.Nc1 Bg7 27.Ra2 Nd7 28.Qb3 Bc3 29.Bd2 Ne5 30.Bxc3 bxc3
31.Qxc3 Rb8 32.f4 Nxc4 33.e5 Qb6 34.Rae2 Nb2 35.Re4 c4+ 36.Kh2 Nxa4 37.Qd2 Nc5
38.R4e3 a4 39.e6 Nb3 40.Nxb3 cxb3 41.Qb2 Qc7 42.f5 f6 43.e7 Qc2 44.Qxf6 Qxf5
45.Qxd6 Bc4 46.Re6 Bd3 47.Rf6  1-0

[Event "ITT Cinco Soles"]
[Site "Pinamar ARG"]
[Date "2008.03.26"]
[Round "2"]
[White "Guerrero,Alv"]
[Black "Perdomo,C"]
[Result "1/2-1/2"]
[WhiteElo "2228"]
[BlackElo "2351"]

1.d4 Nf6 2.c4 e6 3.Nf3 b6 4.a3 Bb7 5.Nc3 d5 6.e3 Nbd7 7.Bd3 dxc4 8.Bxc4 c5
9.O-O Rc8 10.d5 exd5 11.Nxd5 Nxd5 12.Bxd5 Bxd5 13.Qxd5 Nf6 14.Qb3 Qd5 15.Qa4+ Qd7
16.Qc2 Be7 17.Rd1 Qb7 18.b3 O-O 19.Bb2 Rfd8 20.Ne5 Rd5 21.Rxd5 Qxd5 22.Rd1 Qe6
23.Qc4 Qxc4 24.bxc4 Ne4 25.Rd7 Rd8 26.Rxd8+ Bxd8 27.Nc6 Bc7 28.Nxa7 Nd2 29.Nb5 Bb8
30.Bc3 Nxc4 31.h3 Be5 32.Bxe5 Nxe5 33.Kf1 Kf8 34.Ke2 Ke7 35.e4 Kd7 36.f4 Ng6
37.g3 h5 38.a4 Ne7 39.g4 h4 40.g5 f5 41.gxf6 gxf6 42.Kf3 c4 43.Kg4 Kc6 44.Kxh4 Kc5
45.e5 fxe5 46.fxe5 Ng6+ 47.Kg5 Nxe5 48.Kf5 Nf3 49.Kf4 Nh4 50.Ke4 Kb4 51.Kd4 Nf5+
52.Kd5 Nh4 53.Kc6 Kxa4 54.Kxb6  1/2-1/2

[Event "9th North American Inv"]
[Site "Chicago USA"]
[Date "2008.03.27"]
[Round "8"]
[White "Arnold,M"]
[Black "Chow,A"]
[Result "1/2-1/2"]
[WhiteElo "2276"]
[BlackElo "2208"]

1.d4 Nf6 2.c4 e6 3.Nf3 b6 4.a3 Ba6 5.Qc2 Bb7 6.Nc3 c5 7.e4 cxd4 8.Nxd4 Bc5
9.Nb3 Nc6 10.Nxc5 bxc5 11.Bd3 O-O 12.O-O h6 13.Bd2 d6 14.f4 Rb8 15.Qd1 Ba8
16.Rb1 a6 17.Qe1 Kh8 18.Qg3 Rb3 19.Qh3 Nd4 20.Rfe1 Qe7 21.Re3 Rfb8 22.Bc1 Bc6
23.Kf1 R8b6 24.e5 Ng8 25.f5 exf5 26.Qg3 dxe5 27.Qxe5 Qf8 28.Bxf5 Nxf5 29.Qxf5 Rb8
30.Nd5 Bxd5 31.cxd5 c4 32.Rxb3 Rxb3 33.Bd2 Rb5 34.Bc3 Ne7 35.Qf4 Nxd5 36.Qxh6+ Kg8  1/2-1/2

[Event "Spring Open"]
[Site "Belgrade SCG"]
[Date "2008.03.28"]
[Round "4"]
[White "Dzunic,V"]
[Black "Zarkovic,M"]
[Result "1-0"]
[WhiteElo "2049"]
[BlackElo "1829"]

1.d4 Nf6 2.c4 e6 3.Nf3 b6 4.a3 Bb7 5.Nc3 d6 6.Bg5 Be7 7.Bxf6 Bxf6 8.e4 Nd7
9.Be2 O-O 10.O-O Re8 11.Qc2 a6 12.Rad1 Qe7 13.Rfe1 g6 14.b4 c5 15.bxc5 bxc5
16.Rb1 Rab8 17.d5 Bxc3 18.Qxc3 e5 19.Bd3 Qd8 20.Nd2 Qc7 21.Bc2 Red8 22.h4 Nf6
23.f4 Re8 24.fxe5 dxe5 25.Ba4 Re7 26.Rb2 Bc8 27.Reb1 Rxb2 28.Rxb2 Bd7 29.Bxd7 Rxd7
30.Qb3 Qa5 31.Qb8+ Kg7 32.Qxe5 Qxa3 33.Rb6  1-0

[Event "TCh-ISR"]
[Site "Israel ISR"]
[Date "2008.03.28"]
[Round "4"]
[White "Mikhalevski,A"]
[Black "Kaspi,A"]
[Result "1-0"]
[WhiteElo "2442"]
[BlackElo "2457"]

1.d4 Nf6 2.c4 e6 3.Nf3 b6 4.a3 Bb7 5.Nc3 g6 6.Bg5 h6 7.Bh4 Bg7 8.e3 O-O 9.Be2 d6
10.d5 e5 11.Nd2 Nbd7 12.O-O Qe7 13.e4 a5 14.b4 g5 15.Bg3 c6 16.Rc1 axb4 17.axb4 c5
18.Rb1 Ba6 19.Re1 Rfb8 20.Nf1 Nf8 21.Ne3 Ng6 22.Bf1 Qd8 23.f3 Bc8 24.Bf2 h5
25.Re2 Bd7 26.Reb2 h4 27.Qd2 Ne7 28.bxc5 bxc5 29.Nb5 Ne8 30.Rb3 f6 31.g3 hxg3
32.hxg3 f5 33.exf5 Nxf5 34.Nxf5 Bxf5 35.Bd3 Qf6 36.g4 Bxd3 37.Qxd3 Qf4 38.Qg6 Qf6
39.Qxf6 Bxf6 40.Nc3 Rxb3 41.Rxb3 Be7 42.Be3 Nf6 43.Kf2 e4 44.Nxe4 Nxe4+ 45.fxe4 Bf6
46.Rb6 Ra2+ 47.Kf3 Be5 48.Bxg5 Ra3+ 49.Ke2 Ra4 50.Be7 Rxc4 51.Kd3 Rc3+ 52.Kd2 Rc4
53.Bxd6 Bxd6 54.Rxd6 Rxe4 55.g5 Kf7 56.Rf6+ Kg7 57.d6 Re5 58.Rf3 c4 59.Kc3 Rd5
60.Rf6 Rxg5 61.Re6 Kf7 62.Re7+ Kf8 63.Kxc4 Rh5 64.Re1 Kf7 65.d7  1-0

[Event "FKB ch-USA Qualifier"]
[Site "Tulsa USA"]
[Date "2008.03.28"]
[Round "2"]
[White "Holt,C"]
[Black "Burnett,R"]
[Result "1-0"]
[WhiteElo "2169"]
[BlackElo "2371"]

1.d4 Nf6 2.c4 e6 3.Nf3 b6 4.a3 Bb7 5.Nc3 d5 6.cxd5 exd5 7.Bf4 Be7 8.e3 O-O
9.Be2 Nh5 10.Be5 Nd7 11.Qc2 g6 12.O-O-O c6 13.g4 Ng7 14.h4 f6 15.Bf4 Rf7
16.Bd3 Nf8 17.Bh6 b5 18.h5 g5 19.Bg6 b4 20.Bxf7+ Kxf7 21.axb4 Bxb4 22.e4 Bxc3
23.bxc3 dxe4 24.Qb3+ Nge6 25.Qxb7+ Nd7 26.Qxc6 Rc8 27.Qxe4 Rxc3+ 28.Kd2 Qa5
29.Ke2 Qb5+ 30.Ke1 Nf4 31.Qxh7+ Ke8 32.Qe4+ Kf7 33.Nxg5+ fxg5 34.Qf5+ Qxf5
35.gxf5 Kf6 36.Rg1 Nxh5 37.Ra1 Rc4 38.Rxg5 Nf4 39.Rxa7 Nb6 40.Rg3 Nbd5 41.Bg5+ Kxf5
42.Rf7+ Ke6 43.Rxf4 Nxf4 44.Bxf4 Rxd4 45.Be3 Ra4 46.Ke2 Kf5 47.Rg5+ Kf6 48.f4 Rb4
49.Kf3 Ra4 50.Kg4 Rc4 51.Rc5 Re4 52.Bc1 Rb4 53.Rc6+ Kf7 54.Be3 Ra4 55.Kf5 Ra5+
56.Rc5 Ra3 57.Rc7+ Kg8 58.Bd4 Rg3 59.Bf6 Kf8 60.Bg5 Rb3 61.Kg6 Rb6+ 62.Bf6 Ke8
63.Re7+ Kf8 64.Rd7  1-0

[Event "Sozina Open"]
[Site "Bar MNE"]
[Date "2008.03.29"]
[Round "1"]
[White "Sekulic,D"]
[Black "Rusev,K"]
[Result "0-1"]
[WhiteElo "2351"]
[BlackElo "2521"]

1.d4 Nf6 2.Nf3 e6 3.c4 b6 4.a3 Bb7 5.e3 d5 6.Nbd2 Nbd7 7.Bd3 c5 8.b3 cxd4
9.exd4 Be7 10.O-O O-O 11.Re1 Rc8 12.Bb2 Rc7 13.Qe2 Qa8 14.Rad1 Rd8 15.Ne5 dxc4
16.bxc4 Nxe5 17.dxe5 Nd7 18.Ne4 Bxe4 19.Bxe4 Qc8 20.Rd3 Nf8 21.Red1 Rxd3
22.Bxd3 g6 23.g3 Nd7 24.h4 Nc5 25.Bc2 Nb7 26.Rd4  0-1

[Event "ch-SRB w"]
[Site "Kac SRB"]
[Date "2008.03.29"]
[Round "1"]
[White "Djukic,Sa"]
[Black "Urosevic,M"]
[Result "1/2-1/2"]
[WhiteElo "2204"]
[BlackElo "2114"]

1.d4 Nf6 2.c4 e6 3.a3 b6 4.Nf3 Ba6 5.e3 d5 6.Nbd2 Bd6 7.b3 O-O 8.Bb2 c6 9.Bd3 Nbd7
10.e4 dxe4 11.Nxe4 Nxe4 12.Bxe4 Bb7 13.Ne5 Bxe5 14.dxe5 Nc5 15.Bc2 Qg5 16.O-O Rad8
17.Qf3 Ba8 18.b4 Nd7 19.Qe4 g6 20.f4 Qe7 21.Qe3 c5 22.b5 Rfe8 23.Rad1 Nf8
24.Bc3 Rxd1 25.Rxd1 Rd8 26.Rf1  1/2-1/2

[Event "TCh-HUN 2007-8"]
[Site "Budapest HUN"]
[Date "2008.03.30"]
[Round "9"]
[White "Szekeres,R"]
[Black "Ignacz,R"]
[Result "1-0"]
[WhiteElo "2238"]
[BlackElo "2079"]

1.d4 Nf6 2.c4 e6 3.Nf3 b6 4.a3 Ba6 5.Qc2 Bb7 6.Nc3 c5 7.e4 cxd4 8.Nxd4 d6
9.Be2 Be7 10.Be3 a6 11.O-O Qc7 12.f3 Nbd7 13.Rfd1 O-O 14.Rac1 Rac8 15.b4 Rfd8
16.Qa2 Kh8 17.Bf1 Qb8 18.Qf2 d5 19.exd5 exd5 20.Nf5 Bf8 21.Nxd5 Bxd5 22.cxd5 b5
23.d6 Rxc1 24.Bxc1 Nb6 25.Bb2 Nbd5 26.Qg3 Qb7 27.Bd3 Qc8 28.Qe5 Re8 29.Qd4 Rd8
30.Nh6 Qb7 31.Be4 Bxd6 32.Bxd5 Bxh2+ 33.Kxh2 Rxd5 34.Qxf6 Rh5+ 35.Kg1  1-0

[Event "IX Dos Hermanas Internet"]
[Site "ICC INT"]
[Date "2008.04.04"]
[Round "1.2"]
[White "Gareev,T"]
[Black "Hammer,J"]
[Result "1-0"]
[WhiteElo "2570"]
[BlackElo "2457"]

1.d4 Nf6 2.Nf3 e6 3.c4 b6 4.a3 Ba6 5.Qc2 Bb7 6.Bg5 c5 7.dxc5 Bxc5 8.Nc3 h6
9.Bh4 g5 10.Bg3 a6 11.e3 Nc6 12.Be2 Be7 13.Rd1 d6 14.b4 Qc7 15.c5 bxc5 16.bxc5 Rd8
17.O-O O-O 18.cxd6 Bxd6 19.Qb2 Bxg3 20.hxg3 Rxd1 21.Rxd1 Rd8 22.Rc1 Qe7 23.Na4 Rd5
24.Nb6 Rd8 25.Nc4 Nd5 26.Rb1 Ba8 27.Nfe5 Nxe5 28.Qxe5 f6 29.Qe4 Nc3 30.Qg6+ Qg7
31.Qxg7+ Kxg7 32.Rb2 Nxe2+ 33.Rxe2 Rd1+ 34.Kh2 Bd5 35.Nb6 Bc6 36.Rc2 Bb5
37.e4 e5 38.g4 h5 39.gxh5 g4 40.Kg3 f5 41.exf5 Kf6 42.Rc7 Kxf5 43.h6 Rd3+
44.Kh4 Rd1 45.h7 Rh1+ 46.Kg3 Be2 47.Nc8 Kg6 48.Rc2 Bd3 49.Ne7+ Kxh7 50.Rc7 Kh6
51.Nd5 Kg5 52.Rg7+ Kh6 53.Rxg4 Ra1 54.Ra4 Bb5 55.Rh4+ Kg5 56.Ne3 Rxa3 57.Rg4+ Kf6
58.Rh4 Ke6 59.Rh6+ Kf7 60.Rb6 Ra2 61.Kf3 Bd3 62.Kg3 a5 63.Ng4 e4 64.Ne5+ Ke7
65.Ng6+ Kd7 66.Ne5+ Kc7 67.Rd6 a4 68.Rd4 Ra3 69.Kf4 Kb6 70.g4 Kc5 71.Rd8 Ra2
72.Rc8+ Kb4 73.Kg3 Rb2 74.Rb8+ Kc3 75.Rc8+ Kd2 76.Ra8 Rb4 77.Nc6 Kc3 78.Nxb4 Kxb4
79.g5 a3 80.Kf4 Kb3 81.Ke3 Bc4 82.g6 a2 83.g7 Bg8 84.Kxe4 Bh7+ 85.Ke5 Bg8
86.Rxa2 Bh7 87.Ra8 Kb4 88.Rf8 Kc5 89.g8=Q Bxg8 90.Rxg8 Kc6 91.Rg5 Kd7 92.f4  1-0

[Event "Sozina Open"]
[Site "Bar MNE"]
[Date "2008.04.05"]
[Round "9"]
[White "Arsovic,Z"]
[Black "Panic,Ne"]
[Result "1/2-1/2"]
[WhiteElo "2467"]
[BlackElo "2348"]

1.d4 Nf6 2.Nf3 b6 3.c4 e6 4.a3 c5 5.d5 exd5 6.cxd5 d6 7.Nc3 Be7 8.h3 Ba6
9.e4 Bxf1 10.Kxf1 O-O 11.g4 Nbd7 12.Qc2 a6 13.Bf4 b5 14.Kg2 Qb6 15.Rhe1 b4
16.Na4 Qb5 17.Nd2 Rfc8 18.b3 Ne8 19.Nc4 Bf6 20.Rab1 Be5 21.Bxe5 Nxe5 22.Ncb6 bxa3
23.Nxa8 Rxa8 24.Nc3 Qb4 25.f4 Ng6 26.Kg3 Nc7 27.Na2 Qb8 28.b4 Qd8  1/2-1/2

[Event "TCh-RUS Major League"]
[Site "Dagomys RUS"]
[Date "2008.04.05"]
[Round "3"]
[White "Grishchenko,S1"]
[Black "Anisimov,P"]
[Result "1/2-1/2"]
[WhiteElo "2390"]
[BlackElo "2485"]

1.d4 Nf6 2.c4 e6 3.Nf3 b6 4.a3 Bb7 5.Nc3 d5 6.cxd5 Nxd5 7.e3 Nxc3 8.bxc3 Be7
9.Bb5+ c6 10.Bd3 c5 11.O-O O-O 12.Qc2 h6 13.e4 Qc8 14.Qe2 Ba6 15.c4 cxd4
16.e5 Nd7 17.Qe4 f5 18.exf6 Nxf6 19.Qg6 Qe8 20.Qg3 Nh5 21.Qg4 Nf6 22.Qxe6+ Qf7
23.Qxf7+ Kxf7 24.Bb2 Bc5 25.Bxd4 Bxd4 26.Nxd4 Rad8 27.Nc6 Rd6 28.Ne5+ Kg8
29.Rad1 Rfd8 30.Bc2 Rd2 31.Bd3 Rxd1 32.Rxd1 Kf8 33.f4 Rd6 34.Kf2 Nd7 35.Ke3 Nxe5
36.fxe5 Rd8 37.c5 Bxd3 38.Rxd3 Rc8 39.cxb6 axb6 40.Rb3 Rc2 41.Kf3 Ra2 42.h4 Kf7
43.g4 Ke6 44.Ke4 Re2+ 45.Kd4 Rd2+ 46.Kc3 Rd7 47.Rxb6+ Kxe5 48.a4 Kd5 49.Kb4 Rc7
50.Rg6 Rb7+ 51.Ka5 Kc5 52.Ka6 Rd7 53.h5 Rc7 54.Rb6 Rc8 55.Kb7 Re8 56.a5 Re7+
57.Kb8 Re4 58.Rb7 Ra4 59.Rxg7 Rxa5 60.g5 Kd6 61.gxh6 Rxh5 62.h7  1/2-1/2

[Event "TCh-RUS w"]
[Site "Dagomys RUS"]
[Date "2008.04.06"]
[Round "5"]
[White "Javakhishvili,L"]
[Black "Xu Yuhua"]
[Result "1/2-1/2"]
[WhiteElo "2466"]
[BlackElo "2500"]

1.d4 Nf6 2.c4 e6 3.Nf3 b6 4.a3 Ba6 5.Qb3 Be7 6.Nc3 d5 7.cxd5 Nxd5 8.e4 Bxf1
9.Rxf1 Nxc3 10.Qxc3 O-O 11.Bf4 Bd6 12.Bg3 c5 13.O-O-O Bxg3 14.hxg3 Qe7 15.d5 exd5
16.exd5 Qd6 17.Qe5 Qh6+ 18.Qf4 Qxf4+ 19.gxf4 f6 20.Rfe1 Nd7 21.Nd2 Rfe8 22.Ne4 Rad8
23.Re3 f5 24.Nd6 Rxe3 25.fxe3 Nf6 26.Nxf5 Kf7 27.d6 Ne4 28.Kc2 Rd7 29.Rd5 g6
30.Nh6+ Kg7 31.Ng4 Rxd6 32.Rxd6 Nxd6 33.Kd3 h5 34.Ne5 Kf6 35.Nc6 Kf5 36.Ne7+ Kf6
37.Nc6 Kf5 38.Ne7+ Kg4 39.Nc6 Kg3 40.Ne7 Kxg2 41.Nxg6 Kg3 42.e4 h4 43.Nxh4 Kxh4
44.e5 Ne8 45.Kc4 Kg4 46.Kb5 Kxf4 47.Ka6 Kxe5 48.Kxa7 b5 49.Kb6 Kd5 50.Kxb5 Kd6
51.b4  1/2-1/2

[Event "Gausdal Classics GMB"]
[Site "Gausdal NOR"]
[Date "2008.04.12"]
[Round "5"]
[White "Vovk,Ok"]
[Black "Stips,F"]
[Result "0-1"]
[WhiteElo "2166"]
[BlackElo "2102"]

1.d4 Nf6 2.Nf3 e6 3.c4 b6 4.a3 d5 5.e3 Be7 6.Bd3 O-O 7.O-O c5 8.Nc3 Nc6 9.dxc5 bxc5
10.cxd5 exd5 11.b3 Rb8 12.Rb1 Bg4 13.Be2 d4 14.exd4 cxd4 15.Na4 Qd5 16.b4 Rfd8
17.Nd2 Bf5 18.Ra1 Ne5 19.Bb2 a5 20.bxa5 Qxa5 21.Bc1 Nd5 22.Nc4 Nxc4 23.Bxc4 Nc3
24.Nxc3 Qxc3 25.Qf3 Bg6 26.Qxc3 dxc3 27.Be3 c2 28.a4 Rb1 29.Be2 Bf6 30.Ra3 Rdd1
31.Bc1 Rxf1+ 32.Bxf1 Rxc1 33.Re3 Rxf1+ 34.Kxf1 c1=Q+ 35.Re1 Qxe1+  0-1

[Event "Gausdal Classics GMB"]
[Site "Gausdal NOR"]
[Date "2008.04.16"]
[Round "9"]
[White "Hansen,Pa"]
[Black "Tofte,S"]
[Result "0-1"]
[WhiteElo "2095"]
[BlackElo "2131"]

1.d4 Nf6 2.c4 e6 3.Nf3 b6 4.a3 Ba6 5.Qc2 d5 6.cxd5 exd5 7.g3 Bd6 8.Bg2 O-O
9.O-O c5 10.Bg5 Nbd7 11.Nc3 h6 12.Bxf6 Nxf6 13.dxc5 bxc5 14.Rfe1 d4 15.Ne4 Nxe4
16.Qxe4 Re8 17.Qc2 Rc8 18.Bh3 Rc7 19.Bf5 Qf6 20.Bd3 Bb7 21.Nd2 Rce7 22.f3 Qg5
23.Ne4 Bxe4 24.Bxe4 Rxe4 25.fxe4 Bxg3 26.Rf1 Bxh2+ 27.Kxh2 Qh4+ 28.Kg2 Rxe4
29.Qxe4 Qxe4+ 30.Kg1 Qxe2 31.Rae1 Qxb2 32.Re8+ Kh7 33.Rxf7 Qxa3  0-1

[Event "IX EICC"]
[Site "Plovdiv BUL"]
[Date "2008.04.21"]
[Round "1"]
[White "Kuzubov,Y"]
[Black "Morchiashvili,B"]
[Result "1-0"]
[WhiteElo "2603"]
[BlackElo "2421"]

1.d4 Nf6 2.c4 e6 3.Nf3 b6 4.a3 Ba6 5.e3 d5 6.b3 c5 7.Bd3 cxd4 8.exd4 Be7
9.O-O Nc6 10.Bb2 O-O 11.Nbd2 dxc4 12.bxc4 Qc7 13.Rc1 Rad8 14.Re1 Bb7 15.Qe2 Qf4
16.h3 Bd6 17.Rcd1 Rfe8 18.Nf1 Bb8 19.Bc1 Qd6 20.Ng3 Ne7 21.Bg5 Ng6 22.Bxf6 gxf6
23.Nh5 Qe7 24.Qe3 Kh8 25.Be4 Bxe4 26.Qxe4 Rg8 27.d5 f5 28.Qc2 Nh4 29.Qc3+ e5
30.Nxh4 Qxh4 31.Rxe5 Bxe5 32.Qxe5+ f6 33.Nxf6 Rg6 34.Ng4+ Kg8 35.Qxf5 Rf8
36.Qc2 Rd6 37.Rd3 Qe7 38.Re3 Qg7 39.Ne5 Kh8 40.Qe4 Rdd8 41.Rg3 Qf6 42.Qd4 Rde8
43.Rf3 Qg7 44.Rxf8+ Rxf8 45.d6 Kg8 46.Qd5+ Kh8 47.d7  1-0

[Event "IX EICC"]
[Site "Plovdiv BUL"]
[Date "2008.04.22"]
[Round "2"]
[White "Mateuta,G"]
[Black "Macak,S"]
[Result "1/2-1/2"]
[WhiteElo "2504"]
[BlackElo "2342"]

1.d4 Nf6 2.Nf3 e6 3.c4 b6 4.a3 Ba6 5.Qc2 Bb7 6.Nbd2 c5 7.e4 cxd4 8.e5 Ng8
9.Ne4 f5 10.exf6 Nxf6 11.Bd3 Bxe4 12.Bxe4 Nxe4 13.Qxe4 Nc6 14.Ng5 Qc7 15.O-O Qe5
16.Qd3 Be7 17.f4 Qf5 18.Qxf5 exf5 19.b4 O-O 20.Bb2 Bxg5 21.fxg5 Rac8 22.Rad1 Ne5
23.c5 bxc5 24.bxc5 Nc4 25.Bxd4 Nxa3 26.Bf2 Rf7 27.Ra1 Nb5 28.Ra5  1/2-1/2

[Event "IX EICC"]
[Site "Plovdiv BUL"]
[Date "2008.04.24"]
[Round "4"]
[White "Jojua,D"]
[Black "Banikas,H"]
[Result "1-0"]
[WhiteElo "2463"]
[BlackElo "2600"]

1.d4 Nf6 2.c4 e6 3.Nf3 b6 4.a3 Ba6 5.Qb3 Be7 6.Nc3 d5 7.cxd5 exd5 8.Bg5 c6
9.Bxf6 Bxf6 10.e4 Bxf1 11.Rxf1 dxe4 12.Nxe4 O-O 13.O-O-O Nd7 14.Rfe1 Qc7
15.Kb1 Be7 16.Ng3 Rae8 17.Rc1 g6 18.h4 Bd8 19.h5 Rxe1 20.Rxe1 c5 21.hxg6 hxg6
22.Ne5 Kg7 23.Nf5+ gxf5 24.Qg3+ Kf6 25.Nxd7+ Qxd7 26.f4  1-0

[Event "XXI Open"]
[Site "Benidorm ESP"]
[Date "2008.04.25"]
[Round "1"]
[White "Levin,F"]
[Black "Rios Torondell,J"]
[Result "1-0"]
[WhiteElo "2546"]
[BlackElo "1985"]

1.d4 e6 2.Nf3 Nf6 3.c4 b6 4.a3 Ba6 5.Qb3 c5 6.d5 exd5 7.cxd5 d6 8.Nc3 Be7
9.g3 O-O 10.Bg2 Re8 11.O-O Nbd7 12.a4 h6 13.Re1 Bf8 14.Qc2 Bb7 15.e4 Rb8
16.Bf4 a6 17.Bf1 Nh5 18.Be3 Nhf6 19.h3 Qc8 20.Nd2 Ba8 21.b3 Bb7 22.f4 g6
23.Bf2 Bg7 24.Kh2 Qc7 25.Bc4 Nh7 26.Rac1 Bxc3 27.Qxc3 Bc8 28.Bf1 b5 29.axb5 axb5
30.b4 c4 31.Bd4 f6 32.Nf3 Bb7 33.Nh4 Kf7 34.Bg2 Ra8 35.Rc2 Ra4 36.Rf2 Rea8
37.e5 Ra3 38.Qc2 Ndf8 39.e6+ Ke7 40.Nxg6+ Ke8 41.e7 Nd7 42.Nh8 Rd3 43.Be4 Ne5
44.fxe5 dxe5 45.Qd1 Qd8  1-0

[Event "IX EICC"]
[Site "Plovdiv BUL"]
[Date "2008.04.25"]
[Round "5"]
[White "Georgiev,Vl"]
[Black "Pileckis,E"]
[Result "1/2-1/2"]
[WhiteElo "2572"]
[BlackElo "2403"]

1.d4 Nf6 2.c4 e6 3.Nf3 b6 4.a3 Ba6 5.Qb3 c6 6.Bg5 d5 7.Nbd2 Be7 8.Bxf6 Bxf6
9.e4 dxe4 10.Nxe4 Bxd4 11.O-O-O c5 12.Nxd4 cxd4 13.Qa4+ Qd7 14.Nd6+ Ke7 15.Nb5 Bxb5
16.cxb5 Rd8 17.Kb1 a5 18.Qc2 g6 19.Qe4 Qd5 20.Qh4+ g5 21.Qxh7 Nd7 22.h4 Nc5
23.Qc2 d3 24.Bxd3 Nxd3 25.Rh3 Rac8 26.Rdxd3 Qxg2 27.Qd2 gxh4 28.Ka2 Qg4 29.Rxd8 Rxd8
30.Qc3 Qd4 31.Qc6 Qxf2 32.Qc1 Qc5 33.Qxc5+ bxc5 34.Rxh4 f5 35.Kb3 Rd4 36.Rh7+ Kd6
37.b6 Kc6 38.b7 a4+ 39.Kc3 Rd8 40.Re7 Kd6 41.Rf7 Kc6 42.Re7 f4 43.Rxe6+ Kxb7
44.Re4 Rd4 45.Rxd4 cxd4+ 46.Kxd4 Kc6  1/2-1/2

[Event "26th Liechtenstein Open"]
[Site "Triesen LIE"]
[Date "2008.04.26"]
[Round "2"]
[White "Kozlov,Alex GER"]
[Black "Ovsejevitsch,S"]
[Result "0-1"]
[WhiteElo "2167"]
[BlackElo "2581"]

1.d4 Nf6 2.c4 e6 3.Nf3 b6 4.a3 Bb7 5.Nc3 g6 6.Bg5 Bg7 7.e3 d6 8.Be2 h6 9.Bh4 g5
10.Bg3 Nh5 11.Qd2 Nd7 12.O-O-O Qe7 13.Kb1 Nxg3 14.hxg3 c6 15.Qc2 O-O-O 16.Nd2 Kb8
17.g4 Rc8 18.Bf3 Rhd8 19.Qh7 Bf8 20.Rc1 Nf6 21.Qc2 Bg7 22.Rhd1 c5 23.dxc5 Bxf3
24.gxf3 bxc5 25.Nde4 Nxe4 26.Qxe4 Rd7 27.Ka2 Rb7 28.Rc2 a6 29.f4 Ka7 30.Qh7 Bf6
31.Qd3 Rc6 32.fxg5 hxg5 33.Na4 Be5 34.Qe4 Rc8 35.Rdd2 Qe8 36.Nc3 Rcb8 37.f4 gxf4
38.exf4 Bd4 39.Ne2 Bg7 40.Qd3 Rb6 41.Qh7 Bh8 42.g5 R8b7 43.Nc3 Bd4 44.Qe4 Qh8
45.Rd3 Qb8 46.Qe2 d5 47.cxd5 exd5 48.f5 Qd8 49.Qg2 Rb3 50.Rdd2 Qb6 51.Nxd5 Rxa3+
52.Kb1 Qa5 53.Rc4 Ra1+ 54.Kc2 Rxb2+ 55.Kd3 Ra3+  0-1

[Event "TCh-HUN 2007-8"]
[Site "Budapest HUN"]
[Date "2008.04.27"]
[Round "10"]
[White "Lenic,L"]
[Black "Petran,Pa"]
[Result "1-0"]
[WhiteElo "2531"]
[BlackElo "2337"]

1.d4 Nf6 2.Nf3 e6 3.c4 b6 4.a3 Ba6 5.Qc2 Bb7 6.Nc3 c5 7.e4 cxd4 8.Nxd4 Bc5
9.Nb3 Nc6 10.Bg5 h6 11.Bh4 Nd4 12.Nxd4 Bxd4 13.Bd3 Qb8 14.Bg3 Be5 15.O-O-O O-O
16.Kb1 d6 17.Rhe1 Bxg3 18.hxg3 a6 19.f4 Qc7 20.Qe2 Rfe8 21.g4 d5 22.cxd5 exd5
23.e5 d4 24.Ne4 Nxe4 25.Bxe4 Rad8 26.Bd3 b5 27.g5 Qc6 28.gxh6 Qxh6 29.Qg4 Qh2
30.Rh1 Qxg2 31.Qh4 Kf8 32.Rhg1 Qf3 33.Qh8+ Ke7 34.Qxg7 Be4 35.Qf6+ Kf8 36.Bxe4 Qxe4+
37.Ka1  1-0

[Event "26th Metz Open"]
[Site "Metz St Symphorien FRA"]
[Date "2008.04.27"]
[Round "9"]
[White "Eingorn,V"]
[Black "Spirin,O"]
[Result "1/2-1/2"]
[WhiteElo "2557"]
[BlackElo "2430"]

1.d4 Nf6 2.c4 e6 3.Nf3 b6 4.a3 Ba6 5.Nbd2 Bb7 6.e3 c5 7.Bd3 Nc6 8.b3 Be7
9.Bb2 cxd4 10.exd4 d5 11.O-O O-O 12.Qe2 Rc8 13.Rac1 dxc4 14.bxc4 Re8 15.Rfd1 Qd6
16.Ne4 Qf4 17.Qe1 Nxe4 18.Bxe4 Bf6 19.Qe3  1/2-1/2

[Event "IX EICC"]
[Site "Plovdiv BUL"]
[Date "2008.04.27"]
[Round "7"]
[White "Sanikidze,T"]
[Black "Lysyj,I"]
[Result "1/2-1/2"]
[WhiteElo "2458"]
[BlackElo "2595"]

1.d4 e6 2.c4 Nf6 3.Nf3 b6 4.a3 Ba6 5.Qb3 d5 6.cxd5 Qxd5 7.Qxd5 exd5 8.Nc3 c6
9.Bf4 Nbd7 10.e3 Bxf1 11.Kxf1 Be7 12.Ke2 O-O-O 13.Rac1 Kb7 14.h3 Rhf8 15.Rc2 Ne8
16.Rhc1 Bd6 17.Bxd6 Nxd6 18.b3 f6 19.Ne1 Rc8 20.Nd3 g5 21.a4 a5 22.Nb1 Nb8
23.b4 axb4 24.Nxb4 Nc4 25.Nd2 Na5 26.Rc3 Na6 27.Nd3 Rfe8 28.Nb3 Nc4 29.Nd2 Na5  1/2-1/2

[Event "43rd Capablanca Memorial Open"]
[Site "Havana CUB"]
[Date "2008.05.12"]
[Round "5"]
[White "Almeida Quintana,O"]
[Black "Guerra Mendez,J"]
[Result "0-1"]
[WhiteElo "2527"]
[BlackElo "2447"]

1.d4 Nf6 2.Nf3 e6 3.c4 b6 4.a3 c5 5.d5 Ba6 6.Qc2 exd5 7.cxd5 g6 8.Nc3 Bg7
9.g3 O-O 10.Bg2 d6 11.O-O Re8 12.Re1 Nbd7 13.h3 b5 14.e4 Qc8 15.Bf4 b4 16.Na4 b3
17.Qxb3 Nxe4 18.Qc2 Ndf6 19.Nh4 g5 20.Bxe4 gxf4 21.Bg2 fxg3 22.fxg3 Qd7 23.Nf5 Rxe1+
24.Rxe1 Re8 25.Rxe8+ Qxe8 26.Nc3 Qe5 27.Qf2 Bf8 28.Qf3 Bc8 29.g4 h5 30.Bf1 Bxf5
31.gxf5 Bh6 32.Bd3 Be3+ 33.Kf1 Bd4 34.Ne4 Nxd5 35.Qxh5 Qf4+ 36.Kg2 Qxe4+  0-1

[Event "Mayors Cup Open"]
[Site "Mumbai IND"]
[Date "2008.05.12"]
[Round "3"]
[White "Krasenkow,M"]
[Black "Vishnu,S"]
[Result "1-0"]
[WhiteElo "2624"]
[BlackElo "1931"]

1.d4 e6 2.c4 Nf6 3.Nf3 b6 4.a3 d5 5.Nc3 Bb7 6.cxd5 exd5 7.g3 Be7 8.Qa4+ Nbd7
9.Ne5 O-O 10.Nc6 Qe8 11.Bf4 Bc5 12.Bh3 Bxc6 13.Qxc6 Bxd4 14.Rd1 Bxc3+ 15.bxc3 Ne5
16.Qxc7 Nf3+ 17.Kf1 Qe4 18.Bg2 Qc2 19.Rc1 Nd2+ 20.Bxd2 Qxd2 21.Qf4 Qxf4 22.gxf4 Rac8
23.e3 Rc4 24.Ke2 Rfc8 25.Rhd1 Rxc3 26.Rxc3 Rxc3 27.a4 Rc2+ 28.Ke1 Kf8 29.Bxd5 Ng4
30.Bf3 Nxf2 31.Rd7 a5 32.Bd5 f6 33.Rf7+ Ke8 34.Rxg7 Nd3+ 35.Kf1 Rxh2 36.Rb7 Rf2+
37.Kg1 Rb2 38.Rxh7 Nc5 39.e4 Rb4 40.e5 Rxf4 41.e6 Nxe6 42.Bxe6 Kd8 43.Bd7 Rb4
44.Bb5 Rd4 45.Rf7 Rd6 46.Kf2 Kc8 47.Kf3 Kb8 48.Kf4 Rd5 49.Rxf6 Ka7 50.Rf5 Rd6
51.Ke5 Rh6 52.Kd5 Rg6 53.Rf7+ Kb8 54.Rd7 Rg1 55.Kc6 Rg6+ 56.Rd6 Rxd6+ 57.Kxd6 Kb7
58.Kd7 Kb8 59.Kc6 Ka7 60.Kc7  1-0

[Event "FSIM May"]
[Site "Budapest HUN"]
[Date "2008.05.13"]
[Round "11"]
[White "Zimmerman,Y"]
[Black "Sankalp,M"]
[Result "1-0"]
[WhiteElo "2332"]
[BlackElo "2138"]

1.d4 Nf6 2.c4 e6 3.Nf3 b6 4.a3 Bb7 5.Nc3 d5 6.Qc2 Be7 7.cxd5 Nxd5 8.Nxd5 exd5
9.Bf4 Bd6 10.Bxd6 Qxd6 11.e3 Nd7 12.Rc1 c6 13.Bd3 h6 14.O-O O-O 15.Bh7+ Kh8
16.Bf5 Rfd8 17.b4 Rac8 18.Qa4 a5 19.Ne5 Nxe5 20.dxe5 Qxe5 21.Bxc8 Rxc8 22.bxa5 c5
23.Qd7 Rc7 24.Qd8+ Kh7 25.axb6 Rc6 26.Qd7 Rg6 27.Qxb7 Rxg2+ 28.Kxg2 Qg5+
29.Kh1  1-0

[Event "III President's Cup"]
[Site "Baku AZE"]
[Date "2008.05.14"]
[Round "3"]
[White "Agasiyev,Ka"]
[Black "Kuparadze,G"]
[Result "1-0"]
[WhiteElo "2116"]
[BlackElo "2377"]

1.d4 Nf6 2.c4 e6 3.Nf3 b6 4.a3 Bb7 5.Nc3 g6 6.Bg5 Bg7 7.Qc2 h6 8.Bh4 O-O
9.e4 g5 10.Bg3 d6 11.Bd3 Nh5 12.h3 Nxg3 13.fxg3 Nc6 14.Ne2 Qe7 15.O-O-O a6
16.g4 b5 17.cxb5 axb5 18.Bxb5 Na7 19.Bc4 c5 20.d5 Rfb8 21.h4 exd5 22.exd5 Qe3+
23.Rd2 gxh4 24.Rxh4 Bc8 25.Nc3 Bd7 26.g5 Ba4 27.Nxa4 Nb5 28.Bxb5 Rxb5 29.Re4 Qb3
30.Qxb3 Rxb3 31.Kc2 Rb7 32.Rde2 Ra5 33.gxh6 Bxh6 34.Re8+ Kg7 35.Nc3  1-0

[Event "Mayors Cup Open"]
[Site "Mumbai IND"]
[Date "2008.05.14"]
[Round "5"]
[White "Kamble,V"]
[Black "Anwesh,U"]
[Result "1-0"]
[WhiteElo "2378"]
[BlackElo "2178"]

1.d4 Nf6 2.Nf3 e6 3.c4 b6 4.a3 Ba6 5.Qa4 Bb7 6.Nc3 Be7 7.g3 O-O 8.Bg2 c5
9.d5 d6 10.e4 Nbd7 11.dxe6 fxe6 12.Ng5 Re8 13.Nxe6 Qc8 14.O-O Bc6 15.Qc2 Ne5
16.Nf4 Nxc4 17.Qb3 Qa6 18.e5 Bxg2 19.Nxg2 Ng4 20.exd6 Bf6 21.Nb5 Kh8 22.Qxc4 Ne5
23.Qe2 Qb7 24.f4 Nc6 25.Qf3 Rac8 26.Ne3 a6 27.Nc7 Red8 28.Nc4 Rb8 29.Re1  1-0